Introducción a la economía positiva /

Guardado en:
Autor Principal: Lipsey, Richard G.
Otros Autores: Tugores, Juan
Formato: Libro
Publicado: Barcelona : Vincens-vives, 1993
Edición:12a. ed.
Materias:
Etiquetas: Agregar Etiqueta
Sin Etiquetas, Sea el primero en etiquetar este registro!
LEADER 01066nam a22002535a 4500
001 CEM.cems016517
005 20110922084442.0
008 130507s1993##################000#0#####d
003 CEMS
020 |a 8431629231 
082 0 4 |a 330 
100 1 |a Lipsey, Richard G. 
245 1 0 |a Introducción a la economía positiva /  |c Richard G. Lipsey 
250 |a 12a. ed. 
260 |a Barcelona :  |b Vincens-vives,  |c 1993 
300 |a 948 p. 
505 0 |a Teoría elemental de la demanda y la oferta -- Teoría elemental de la demanda -- Teoría elemental de la oferta -- Comercio internacional -- Política microeconómica -- Teoría elemental de la renta nacional -- Tipos de interés y nivel de precios fijos -- Teoría intermedia de la renta nacional -- Tipos de interés y nivel de precios variables -- Problemas, políticas y controversias macroeconómicas 
653 |a Economía 
653 |a Oferta 
653 |a Macroeconomía 
653 |a Demanda 
653 |a Interés 
700 1 |a Tugores, Juan 
859 |a CEMS  |b BIB. CEMS - Agricultura  |h 330  |i L668a12  |p A18255.95  |t Ej.1